| Tag |
First Indicator |
Second Indicator |
Subfields |
| LEADER |
00000cam a2200000 i 4500 |
| 001 |
in00003600513 |
| 005 |
20211120173352.0 |
| 006 |
m o d f |
| 007 |
cr cn||||a|||| |
| 008 |
150828s2008 dcua o f000 0 eng c |
| 035 |
|
|
|a (OCoLC)ocn919321912
|
| 040 |
|
|
|a GPO
|b eng
|e rda
|e pn
|c GPO
|d MvI
|
| 042 |
|
|
|a pcc
|
| 049 |
|
|
|a WWW
|
| 074 |
|
|
|a 0857-V (online)
|
| 086 |
0 |
|
|a PREX 30.2:H 88
|
| 245 |
0 |
0 |
|a Human health and welfare in a changing climate :
|b summary and findings of the U.S. Climate Change Science Program.
|
| 264 |
|
1 |
|a [Washington, D.C.] :
|b US Climate Change Science Program,
|c [2008?]
|
| 300 |
|
|
|a 1 online resource (2 unnumbered pages) :
|b illustrations
|
| 336 |
|
|
|a text
|b txt
|2 rdacontent
|
| 337 |
|
|
|a computer
|b c
|2 rdamedia
|
| 338 |
|
|
|a online resource
|b cr
|2 rdacarrier
|
| 500 |
|
|
|a Title from title screen (viewed on Aug. 28, 2015).
|
| 650 |
|
0 |
|a Climatic changes
|x Health aspects.
|
| 650 |
|
0 |
|a Human beings
|x Effect of climate on.
|
| 710 |
2 |
|
|a Climate Change Science Program (U.S.),
|e issuing body.
|
| 856 |
4 |
0 |
|u https://purl.fdlp.gov/GPO/gpo60387
|t 0
|
| 999 |
f |
f |
|s acac3f82-4935-3f6d-95a6-225110b6ef91
|i 74990ae9-ee6f-3404-b23e-59f1755b5cc7
|t 0
|
| 952 |
f |
f |
|a Texas A&M University
|b College Station
|c Electronic Resources
|d Available Online
|t 0
|e PREX 30.2:H 88
|h Superintendent of Documents classification
|
| 998 |
f |
f |
|a PREX 30.2:H 88
|t 0
|l Available Online
|